Principalities quiz - Statistics

General Stats
  • This quiz has been taken 40 times
  • The average score is 5 of 14
Answer Stats
Hint Answer % Correct
Current Co-principality in the Pyrenees Andorra
97%
Current Principality on the Mediterranean Monaco
97%
Current Principality in the Alps Liechtenstein
88%
Symbolic Principality of the United Kingdom Wales
58%
Former Former principality of Spain Catalonia
42%
Former Former Yugoslavian country, formerly a principality Montenegro
39%
Symbolic Principality of Spain Asturias
30%
Unrecognised Principality on a North Sea gun platform, founded by Paddy Roy Bates Sealand
21%
Former Former principality of eastern Europe, region now part of Romania & Moldova Moldavia
18%
Former Former middle-eastern principality, region called the "Cradle of Christianity" Antioch
12%
Unrecognised Two letter principality in a suburb of Sydney, its symbol is a dolphin Wy
6%
Former Another middle-eastern principality, part of Israel's Haifa district Galilee
3%
Unrecognised Principality in western Italy, founded by Giorgio Carbone Seborga
3%
Former Greek island, principality until 1912 Samos
0%
No matching quizzes found
Score Distribution
Percent of People with Each Score
Percentile by Number Answered
Your Score History
You have not taken this quiz